000 00902nam a2200289 i 4500
003 EG-GICUC
005 20260404073842.0
008 260404s1968 uk ||||fr|||| 00| 0 fre d
040 _aEG-GiCUC
_cEG-GiCUC
_dEG-GiCUC
_eRda
_bfre
082 0 4 _221
_a341.511
_bCO . A
092 0 4 _221
099 _aLaw1 11 341.511 CO . A 1968
111 _aCour Internationale De Justice
245 1 0 _aAnnuaire 1967-1968 /
_b
_cCour Internationale De Justice.
264 1 _ala Haye :
_bC.i.j.-la Haye,
_c1947.
300 _a151page :
_billustration ;
_c 24 cm.
336 _2rda contenu
_a texte
337 _2rda medias
_aOrdinateur
338 _2 transporteur rda
_a Ressource en ligne
504 _a
546 _aTexte en français
650 1 4 _2Droit international public
651 1 _2
856 4 0 _uhttps://fll.law.cu.edu.eg/fulltext/bks/B11-05547.pdf
905 _a50
942 _2ddc
_cBK
_e21
_n0
999 _c68556
_d68556